Analysis of the implementation of IAS 21 and IAS 29 in financial analysis in Zimbabwe / (Record no. 125680)

MARC details
000 -LEADER
fixed length control field 00715nam a2200217 a 4500
008 - FIXED-LENGTH DATA ELEMENTS--GENERAL INFORMATION
fixed length control field
049 ## - LOCAL HOLDINGS (OCLC)
Holding library MAIN
090 ## - LOCALLY ASSIGNED LC-TYPE CALL NUMBER (OCLC); LOCAL CALL NUMBER (RLIN)
Classification number (OCLC) (R) ; Classification number, CALL (RLIN) (NR) HC800A
Local cutter number (OCLC) ; Book number/undivided call number, CALL (RLIN) DZI
003 - CONTROL NUMBER IDENTIFIER
control field
005 - DATE AND TIME OF LATEST TRANSACTION
control field 20230123121957.0
040 ## - CATALOGING SOURCE
Transcribing agency NUST
100 1# - MAIN ENTRY--PERSONAL NAME
Personal name Dzingirirayi, Calton.
245 10 - TITLE STATEMENT
Title Analysis of the implementation of IAS 21 and IAS 29 in financial analysis in Zimbabwe /
Statement of responsibility, etc. Carlton Dzingirayi.
260 ## - PUBLICATION, DISTRIBUTION, ETC.
Place of publication, distribution, etc. Bulawayo :
Name of publisher, distributor, etc. NUST, 2009.
300 ## - PHYSICAL DESCRIPTION
Extent 78 p. :
Other physical details ill. ;
Dimensions 30 cm.
504 ## - BIBLIOGRAPHY, ETC. NOTE
Bibliography, etc. note Includes bibliographical references.
500 ## - GENERAL NOTE
General note Dissertation (Bsc)---NUST, 2009.
700 ## - ADDED ENTRY--PERSONAL NAME
Personal name NUST.
Numeration Depart. Of Accounting.
Date of a work Dissertation.
907 ## - LOCAL DATA ELEMENT G, LDG (RLIN)
a .b10325712
b 16-11-15
c 14-01-13
942 ## - ADDED ENTRY ELEMENTS (KOHA)
Koha item type Ordinary Loan Books
Call number prefix HC800A
Call number suffix DZI
Holdings
Date last seen Total Checkouts Full call number Barcode Cost, replacement price Price effective from Koha item type Lost status Source of classification or shelving scheme Damaged status Not for loan Collection Withdrawn status Home library Current library Shelving location Date acquired Cost, normal purchase price
01/23/2023 1 HC800A DZI 92004012968 80.00 01/23/2023 BOOKS   LCC     NFIC   MAIN MAIN GEN 01/23/2023 80.00